000 00819cam a2200193 i 4500
005 20251221104959.0
008 250721s1997 le gr 000 0 ara d
082 1 4 _a218.2
_bخ ج ن
100 1 _aالخجندي، محمد سلطان بن محمد أورون
_eمؤلف.
245 1 2 _aالعقود الدرية السلطانية فيما بنسب إلى الأيام النيروزية /
_cتأليف محمد سلطان بن محمد أورون الخجندي ؛ تحقق محمد خير رمضان يوسف.
250 _aالطبعه الاولى.
264 3 1 _aبيروت :
_bدار ابن حزم،
_c1997.
300 _a111صفحة.
650 1 7 _aالفقه الإسلامي.
650 1 7 _aالبدع.
700 1 _aيوسف، محمد خير
_eتحقيق
942 _2ddc
_cBK
999 _c32857
_d32857